Pietro da Cortona and Roman Baroque architecture / (Record no. 24284)

000 -LEADER
fixed length control field 02358cam a22003734a 4500
001 - CONTROL NUMBER
control field 14148667
003 - CONTROL NUMBER IDENTIFIER
control field OSt
005 - DATE AND TIME OF LATEST TRANSACTION
control field 20170128103546.0
008 - FIXED-LENGTH DATA ELEMENTS--GENERAL INFORMATION
fixed length control field 051021s2008 ctuae b 001 0deng
010 ## - LIBRARY OF CONGRESS CONTROL NUMBER
LC control number 2005030940
020 ## - INTERNATIONAL STANDARD BOOK NUMBER
International Standard Book Number 0300111231 (cl : alk. paper)
020 ## - INTERNATIONAL STANDARD BOOK NUMBER
International Standard Book Number 9780300111231 (cl : alk. paper)
035 ## - SYSTEM CONTROL NUMBER
System control number (OCoLC)ocm62134784
035 ## - SYSTEM CONTROL NUMBER
System control number (OCoLC)62134784
040 ## - CATALOGING SOURCE
Original cataloging agency DLC
Transcribing agency DLC
Modifying agency BAKER
-- BTCTA
-- BWKUK
-- BWK
-- DLC
042 ## - AUTHENTICATION CODE
Authentication code pcc
043 ## - GEOGRAPHIC AREA CODE
Geographic area code e-it---
050 00 - LIBRARY OF CONGRESS CALL NUMBER
Classification number NA1123.P53
Item number M47 2008
082 00 - DEWEY DECIMAL CLASSIFICATION NUMBER
Classification number 720.92
Edition number 22
100 1# - MAIN ENTRY--PERSONAL NAME
Personal name Merz, Jörg Martin.
245 10 - TITLE STATEMENT
Title Pietro da Cortona and Roman Baroque architecture /
Statement of responsibility, etc. Jörg Martin Merz ; incorporating a draft by the late Anthony Blunt.
260 ## - PUBLICATION, DISTRIBUTION, ETC. (IMPRINT)
Place of publication, distribution, etc. New Haven [Conn.] ;
-- London :
Name of publisher, distributor, etc. Yale University Press,
Date of publication, distribution, etc. c2008.
300 ## - PHYSICAL DESCRIPTION
Extent xii, 362 p. :
Other physical details ill. (some col.), plans ;
Dimensions 29 cm.
504 ## - BIBLIOGRAPHY, ETC. NOTE
Bibliography, etc Includes bibliographical references (p. 288-345) and index.
600 00 - SUBJECT ADDED ENTRY--PERSONAL NAME
Personal name Pietro,
Titles and other words associated with a name da Cortona,
Dates associated with a name 1596-1669
General subdivision Criticism and interpretation.
650 #0 - SUBJECT ADDED ENTRY--TOPICAL TERM
Topical term or geographic name as entry element Architecture, Baroque
Geographic subdivision Italy
-- Rome.
650 #0 - SUBJECT ADDED ENTRY--TOPICAL TERM
Topical term or geographic name as entry element Decoration and ornament, Architectural
Geographic subdivision Italy
-- Rome.
700 1# - ADDED ENTRY--PERSONAL NAME
Personal name Blunt, Anthony,
Dates associated with a name 1907-1983
856 41 - ELECTRONIC LOCATION AND ACCESS
Materials specified Table of contents only
Uniform Resource Identifier <a href="http://www.loc.gov/catdir/toc/ecip062/2005030940.html">http://www.loc.gov/catdir/toc/ecip062/2005030940.html</a>
856 42 - ELECTRONIC LOCATION AND ACCESS
Materials specified Publisher description
Uniform Resource Identifier <a href="http://www.loc.gov/catdir/enhancements/fy0711/2005030940-d.html">http://www.loc.gov/catdir/enhancements/fy0711/2005030940-d.html</a>
856 42 - ELECTRONIC LOCATION AND ACCESS
Materials specified Contributor biographical information
Uniform Resource Identifier <a href="http://www.loc.gov/catdir/enhancements/fy0711/2005030940-b.html">http://www.loc.gov/catdir/enhancements/fy0711/2005030940-b.html</a>
906 ## - LOCAL DATA ELEMENT F, LDF (RLIN)
a 7
b cbc
c orignew
d 1
e ecip
f 20
g y-gencatlg
942 ## - ADDED ENTRY ELEMENTS (KOHA)
Source of classification or shelving scheme
Koha item type Hard Covered Materials
Classification part NA 1123 .C647B58 2006
Holdings
Withdrawn status Lost status Source of classification or shelving scheme Damaged status Not for loan Home library Current library Shelving location Date acquired Source of acquisition Total Checkouts Full call number Barcode Date last seen Price effective from Koha item type
          MACHAKOS UNIVERSITY LIBRARY MACHAKOS UNIVERSITY LIBRARY Technical section 28/01/2017 Donation (BFA)   NA 1123 .C647B58 2006 32577 31/05/2018 28/01/2017 Hard Covered Materials
© Machakos University Library, Along The Highway, Machakos Wote Rd, Machakos, Kenya P.O. Box 136 - 90100 Machakos - Kenya

Tel: ( +254 ) 723 805829 OR Fax : 044-20353 OR Email: library@mksu.ac.ke